The open economy and its enemies : (Record no. 2395)
[ view plain ]
| 000 -LEADER | |
|---|---|
| fixed length control field | 00925nac a22002291u 4500 |
| 020 ## - INTERNATIONAL STANDARD BOOK NUMBER | |
| International Standard Book Number | 0521864062 |
| 082 ## - DEWEY DECIMAL CLASSIFICATION NUMBER | |
| Classification number | 330.122 |
| Item number | D835 |
| 090 ## - LOCALLY ASSIGNED LC-TYPE CALL NUMBER (OCLC); LOCAL CALL NUMBER (OCLC) | |
| -- | 2395 |
| -- | 2395 |
| 100 ## - MAIN ENTRY--PERSONAL NAME | |
| Personal name | Duckett, Jane |
| 245 ## - TITLE STATEMENT | |
| Title | The open economy and its enemies : |
| Remainder of title | Public attitudes in East Asia and Eastern Europe |
| 260 ## - PUBLICATION, DISTRIBUTION, ETC. (IMPRINT) | |
| Place of publication, distribution, etc | Cambridge : |
| Name of publisher, distributor, etc | Cambridge University Press , |
| Date of publication, distribution, etc | 2006. |
| 300 ## - PHYSICAL DESCRIPTION | |
| Extent | xii,271 p. : |
| Other physical details | ill. ; |
| Dimensions | 18 cm. |
| 504 ## - BIBLIOGRAPHY, ETC. NOTE | |
| Bibliography, etc | Includes bibliography:p.259-267 and index |
| 650 ## - SUBJECT ADDED ENTRY--TOPICAL TERM | |
| Topical term or geographic name as entry element | Free enterprise |
| 651 ## - SUBJECT ADDED ENTRY--GEOGRAPHIC NAME | |
| Geographic name | Vietnam |
| General subdivision | Economic policy |
| Chronological subdivision | 1975- |
| 651 ## - SUBJECT ADDED ENTRY--GEOGRAPHIC NAME | |
| Geographic name | Korea (South) |
| General subdivision | x Economic policy |
| Chronological subdivision | 1960- |
| 651 ## - SUBJECT ADDED ENTRY--GEOGRAPHIC NAME | |
| Geographic name | Czech Republic |
| General subdivision | Economic policy |
| Chronological subdivision | 1993- |
| 651 ## - SUBJECT ADDED ENTRY--GEOGRAPHIC NAME | |
| Geographic name | Ukraine |
| General subdivision | Economic policy |
| Chronological subdivision | 1991- |
| 700 ## - ADDED ENTRY--PERSONAL NAME | |
| Personal name | Miller, William L. |
| 942 ## - ADDED ENTRY ELEMENTS (KOHA) | |
| Item type | Book - Borrowing |
| Call number prefix | 330.122 D835 |
| Withdrawn status | Item status | Damaged status | Not for loan | Home library | Current library | Shelving location | Date acquired | Source of acquisition | Total Checkouts | Full call number | Barcode | Date last seen | Date last borrowed | Koha item type |
|---|---|---|---|---|---|---|---|---|---|---|---|---|---|---|
| Central Library | Central Library | First floor | 19/02/2007 | Purchase | 5 | 330.122 DUC | 000001697 | 15/07/2025 | 03/11/2011 | Book - Borrowing |